[Event "17ème Open International de La Réunion"]
[Site "Saint Denis"]
[Date "2015.10.10"]
[Round "8.17"]
[White "Cochard, Franck-Olivier"]
[Black "Romain, Arnaud"]
[Result "1-0"]
[WhiteElo "1646"]
[BlackElo "1575"]
[PlyCount "85"]
[EventDate "2015.??.??"]

1. Nf3 d5 2. c4 c6 3. e3 Nf6 4. Nc3 Bg4 5. Qb3 Qb6 6. Qxb6 axb6 7. cxd5 Bxf3 8.
gxf3 g6 9. dxc6 bxc6 10. d4 Bg7 11. Bg2 e6 12. Bd2 O-O 13. f4 Nd5 14. Ke2 Nd7
15. Rhc1 Rac8 16. a3 b5 17. Nxd5 exd5 18. Bb4 Rfe8 19. Kd2 f5 20. Rc2 Nf6 21.
Rac1 Re6 22. Rc5 Bh6 23. Bxd5 Nxd5 24. Rxd5 Rce8 25. Re5 g5 26. Rxe6 Rxe6 27.
fxg5 Bxg5 28. Rg1 Rg6 29. f4 Bf6 30. Rxg6+ hxg6 31. Kd3 Kf7 32. e4 fxe4+ 33.
Kxe4 Ke6 34. b3 g5 35. fxg5 Bxg5 36. a4 bxa4 37. bxa4 Kd7 38. a5 Kc7 39. Bc5
Kb7 40. Bb6 Be7 41. Kf5 Ka6 42. Kg4 Kb5 43. h4 1-0

[Event "17ème Open International de La Réunion"]
[Site "Saint Denis"]
[Date "2015.10.10"]
[Round "8.18"]
[White "Calmels, Nicolas"]
[Black "Padre, Maxime"]
[Result "1-0"]
[WhiteElo "1945"]
[BlackElo "1200"]
[PlyCount "45"]
[EventDate "2015.??.??"]

1. d4 d5 2. Nf3 Nc6 3. c4 Nf6 4. a3 a5 5. cxd5 Nxd5 6. e4 Nb6 7. d5 Nb8 8. Be3
e6 9. Bxb6 cxb6 10. Bb5+ Bd7 11. Nc3 Be7 12. dxe6 fxe6 13. Ne5 Bc6 14. Qb3 Qc8
15. O-O O-O 16. Kh1 Bxb5 17. Nxb5 a4 18. Qh3 Bf6 19. Rac1 Qe8 20. Nc7 Qe7 21.
Nxe6 Bxe5 22. Nxf8 Qxf8 23. Rc8 1-0

[Event "17ème Open International de La Réunion"]
[Site "Saint Denis"]
[Date "2015.10.10"]
[Round "8.19"]
[White "Oster, Jean-Marie"]
[Black "Jotee, Ashvin"]
[Result "0-1"]
[WhiteElo "1474"]
[BlackElo "1680"]
[PlyCount "62"]
[EventDate "2015.??.??"]

1. Nf3 e6 2. c4 f5 3. d4 Nf6 4. Nc3 Be7 5. Qc2 d5 6. e3 Nbd7 7. c5 c6 8. b4 a6
9. Ng5 Nf8 10. Be2 Ne4 11. Nf3 Ng6 12. Na4 O-O 13. a3 Bf6 14. Bb2 Qe7 15. O-O
e5 16. Nb6 Rb8 17. a4 exd4 18. Bxd4 Bxd4 19. Nxd4 f4 20. exf4 Nxf4 21. Bxa6 Qg5
22. f3 Nd2 23. g3 bxa6 24. Rad1 Nxf1 25. Kxf1 Bh3+ 26. Kf2 Ng2 27. Qe2 Rbe8 28.
Qd2 Qf6 29. Qd3 Re3 30. Qxa6 Rxf3+ 31. Nxf3 Qxf3+ 0-1

[Event "17ème Open International de La Réunion"]
[Site "Saint Denis"]
[Date "2015.10.10"]
[Round "8.20"]
[White "Mercadal, Theo"]
[Black "Strate, Wolfgang"]
[Result "1/2-1/2"]
[WhiteElo "1143"]
[BlackElo "1628"]
[PlyCount "139"]
[EventDate "2015.??.??"]

1. c4 Nf6 2. g3 e6 3. d3 d5 4. cxd5 exd5 5. Bg2 Bb4+ 6. Bd2 Bxd2+ 7. Nxd2 O-O
8. Ngf3 Re8 9. O-O c6 10. Re1 Qb6 11. Qb3 Be6 12. Qxb6 axb6 13. a3 Nbd7 14.
Rac1 Nc5 15. d4 Nce4 16. e3 Rad8 17. Nxe4 dxe4 18. Nd2 Bd5 19. h3 Nh5 20. Kh2
Rd6 21. b4 f5 22. Rb1 Nf6 23. Bf1 b5 24. Ra1 Ra8 25. Nb1 Rdd8 26. Nc3 Bb3 27.
Be2 Ra7 28. Bd1 Bxd1 29. Rexd1 Rda8 30. Nb1 Nd5 31. Kg2 Nxb4 32. g4 fxg4 33.
hxg4 Nc2 34. Ra2 Nb4 35. Rb2 Nd5 36. Re1 g5 37. f3 exf3+ 38. Kxf3 Rf8+ 39. Kg3
Raa8 40. Rh2 Rae8 41. e4 Nf4 42. Rd2 h5 43. gxh5 Nxh5+ 44. Kg2 Nf4+ 45. Kg3
Nh5+ 46. Kg2 Rf4 47. Nc3 Rg4+ 48. Kf2 Rf8+ 49. Ke2 Rg2+ 50. Kd1 Rxd2+ 51. Kxd2
Kg7 52. Rg1 Kg6 53. d5 cxd5 54. exd5 Nf4 55. d6 Ne6 56. Nxb5 Nc5 57. Ke3 Rf5
58. Kd4 b6 59. Kc4 Kf6 60. Rd1 Nd7 61. Rd2 g4 62. Rg2 Ne5+ 63. Kd5 Rg5 64. Kd4
Nd7 65. a4 g3 66. Nc3 Ke6 67. Ne4 Rd5+ 68. Ke3 Nc5 69. Rxg3 Nxe4 70. Kxe4
1/2-1/2

[Event "17ème Open International de La Réunion"]
[Site "Saint Denis"]
[Date "2015.10.10"]
[Round "8.21"]
[White "Romain, Juliane"]
[Black "Sawmynaden, Righen"]
[Result "1/2-1/2"]
[WhiteElo "1364"]
[BlackElo "1616"]
[PlyCount "99"]
[EventDate "2015.??.??"]

1. e4 c5 2. Nc3 Nc6 3. f4 d6 4. Bb5 a6 5. Bxc6+ bxc6 6. d3 g6 7. Nf3 Bg7 8. O-O
e6 9. Qe1 Rb8 10. Ng5 Ne7 11. Rb1 Qa5 12. Bd2 O-O 13. Qh4 h6 14. Nf3 Qd8 15. f5
exf5 16. Bxh6 Re8 17. Bxg7 Kxg7 18. Ng5 Rh8 19. Qf2 f6 20. exf5 Nxf5 21. Nge4
Rb7 22. Ne2 Rf7 23. N2g3 Be6 24. Nxf5+ Bxf5 25. Qf4 Bxe4 26. Qxe4 d5 27. Qe6
Qc7 28. g3 Rh5 29. Rbe1 Rh8 30. Re2 Rb8 31. b3 Rd8 32. Ref2 Rd6 33. Qe3 Qa5 34.
a4 Qc3 35. Qd2 Qxd2 36. Rxd2 Re7 37. Rdf2 Rde6 38. h3 Re3 39. Kg2 Re2 40. Rxe2
Rxe2+ 41. Rf2 Rxf2+ 42. Kxf2 d4 43. Kf3 f5 44. Kf4 Kf6 45. h4 a5 46. g4 fxg4
47. Kxg4 Kf7 48. h5 gxh5+ 49. Kxh5 Kf6 50. Kg4 1/2-1/2

[Event "17ème Open International de La Réunion"]
[Site "Saint Denis"]
[Date "2015.10.10"]
[Round "8.22"]
[White "Petry, Joachim"]
[Black "Sandjivy, Mateo"]
[Result "0-1"]
[WhiteElo "1525"]
[BlackElo "1384"]
[PlyCount "80"]
[EventDate "2015.??.??"]

1. e4 e5 2. Bc4 Nf6 3. Nc3 Nc6 4. Nf3 Be7 5. O-O d6 6. h3 O-O 7. d4 exd4 8.
Nxd4 Bd7 9. a3 Qc8 10. Kh2 Ne5 11. Bb3 c5 12. Nde2 Qc7 13. Kg1 Qc6 14. f3 Qb6
15. Be3 Be6 16. Nf4 Bxb3 17. cxb3 Qc6 18. Ncd5 Bd8 19. a4 a6 20. Rc1 Ned7 21.
Ne2 Nxd5 22. exd5 Qb6 23. Nc3 Nf6 24. Na2 Re8 25. Bf2 Be7 26. b4 Qd8 27. Re1
cxb4 28. Nxb4 Qa5 29. Qb3 Kf8 30. Bg3 Qb6+ 31. Bf2 Qa5 32. Bd4 Rac8 33. Rxc8
Rxc8 34. Bc3 Qb6+ 35. Kh2 a5 36. Qa3 axb4 37. Bxb4 Nxd5 38. Re4 Nxb4 39. Qxb4
Qc7 40. Rg4 d5+ 0-1

[Event "17ème Open International de La Réunion"]
[Site "Saint Denis"]
[Date "2015.10.10"]
[Round "8.23"]
[White "Goorsahye, Antoine"]
[Black "Pun Chung, Leo"]
[Result "1-0"]
[WhiteElo "1741"]
[BlackElo "1340"]
[PlyCount "41"]
[EventDate "2015.??.??"]

1. e4 e6 2. d4 d5 3. Nc3 Nf6 4. Bg5 Be7 5. e5 Nfd7 6. Bxe7 Qxe7 7. f4 c5 8. Nb5
O-O 9. Nc7 cxd4 10. Nxa8 Qd8 11. Qxd4 Nc6 12. Qd2 b6 13. Bb5 Bb7 14. Nf3 Qxa8
15. O-O a6 16. Bd3 a5 17. Qe2 Nc5 18. Bxh7+ Kh8 19. Ng5 Ba6 20. Qh5 g6 21.
Bxg6+ 1-0

[Event "17ème Open International de La Réunion"]
[Site "Saint Denis"]
[Date "2015.10.10"]
[Round "8.24"]
[White "Collet, Jean Daniel"]
[Black "Caminade, Hugo"]
[Result "1-0"]
[WhiteElo "1656"]
[BlackElo "1247"]
[PlyCount "37"]
[EventDate "2015.??.??"]

1. e4 b6 2. d4 Bb7 3. Nc3 e6 4. a3 d5 5. e5 c5 6. Nf3 Nd7 7. Ne2 Ne7 8. Bg5 h6
9. Bh4 g5 10. Bg3 Nf5 11. c3 Bg7 12. h3 O-O 13. h4 g4 14. Nh2 h5 15. Nf4 Nxh4
16. Nxh5 Nf5 17. Nxg7 Nxg7 18. Nxg4 Nf5 19. Nh6+ 1-0

[Event "17ème Open International de La Réunion"]
[Site "Saint Denis"]
[Date "2015.10.10"]
[Round "8.25"]
[White "Vincent, Theo"]
[Black "Assie, Joel"]
[Result "0-1"]
[WhiteElo "1258"]
[BlackElo "1450"]
[PlyCount "38"]
[EventDate "2015.??.??"]

1. e4 e6 2. d4 b6 3. Nc3 Bb7 4. Bd3 Ne7 5. f3 Ng6 6. Nge2 Ba6 7. Bxa6 Nxa6 8.
Qd3 Nb4 9. Qd2 Be7 10. a3 Nc6 11. O-O O-O 12. Rd1 d6 13. d5 Nce5 14. f4 Nd7 15.
f5 Nh4 16. dxe6 Ne5 17. exf7+ Rxf7 18. Rf1 c6 19. Rf4 Bg5 0-1

[Event "17ème Open International de La Réunion"]
[Site "Saint Denis"]
[Date "2015.10.10"]
[Round "8.26"]
[White "Sandjivy, Jean Marc"]
[Black "Semrau, Christoph"]
[Result "1-0"]
[WhiteElo "1320"]
[BlackElo "1397"]
[PlyCount "45"]
[EventDate "2015.??.??"]

1. c4 e5 2. Nc3 Nc6 3. e3 Bb4 4. Qb3 Qe7 5. Nd5 Qd6 6. e4 Nf6 7. Bd3 Nxd5 8.
cxd5 Nd4 9. Qd1 Ba5 10. Nf3 Bb6 11. Nxd4 Bxd4 12. Qa4 O-O 13. O-O c6 14. Rb1 b5
15. Qd1 a6 16. b3 cxd5 17. Bb2 Bxb2 18. Rxb2 Bb7 19. Re1 Qb4 20. exd5 Bxd5 21.
Rxe5 Qd4 22. Bxh7+ Kh8 23. Qh5 1-0

[Event "17ème Open International de La Réunion"]
[Site "Saint Denis"]
[Date "2015.10.10"]
[Round "8.27"]
[White "Etheve, Lionel"]
[Black "Leonardy, Baptiste"]
[Result "1/2-1/2"]
[WhiteElo "1390"]
[BlackElo "1140"]
[PlyCount "74"]
[EventDate "2015.??.??"]

1. e4 e5 2. Nf3 Nc6 3. Bc4 h6 4. Nc3 Nf6 5. d3 d6 6. h3 Be7 7. a3 O-O 8. Be3
Re8 9. O-O a6 10. Qb1 Nd7 11. Nd5 Bf6 12. Qa2 b5 13. Nxf6+ Qxf6 14. Bd5 Bb7 15.
Nh2 Nd8 16. Ng4 Qe7 17. f4 c6 18. Bb3 Rf8 19. fxe5 Nxe5 20. Nxe5 Qxe5 21. Rf5
Qe7 22. Bb6 g6 23. Bxd8 Raxd8 24. Rf2 Kg7 25. Raf1 f6 26. a4 Ra8 27. Qa3 Qe5
28. Qb4 a5 29. Qc3 Qxc3 30. bxc3 bxa4 31. Bxa4 Rac8 32. c4 Ba6 33. Rb1 Rf7 34.
Rb6 Bb7 35. Rf1 Ra8 36. Rfb1 Ra7 37. Kf2 Kf8 1/2-1/2

[Event "17ème Open International de La Réunion"]
[Site "Saint Denis"]
[Date "2015.10.10"]
[Round "8.28"]
[White "Caminade, Lionel"]
[Black "Mablouke, Ulrich"]
[Result "1/2-1/2"]
[WhiteElo "1220"]
[BlackElo "1653"]
[PlyCount "31"]
[EventDate "2015.??.??"]

1. d4 d5 2. Nf3 c6 3. Bf4 Bg4 4. h3 Bh5 5. c3 e6 6. e3 Nd7 7. Be2 Bxf3 8. Bxf3
Be7 9. Nd2 Ngf6 10. Qb3 Nb6 11. O-O Bd6 12. Rfe1 Bxf4 13. exf4 O-O 14. Rac1 Qd6
15. g3 Kh8 16. Nf1 1/2-1/2

[Event "17ème Open International de La Réunion"]
[Site "Saint Denis"]
[Date "2015.10.10"]
[Round "8.29"]
[White "Jouve, Marius"]
[Black "Dace, Jean Emeric"]
[Result "0-1"]
[WhiteElo "1430"]
[BlackElo "1463"]
[PlyCount "98"]
[EventDate "2015.??.??"]

1. e4 d6 2. Nf3 e5 3. Bc4 h6 4. Nc3 Nf6 5. h3 Be7 6. d3 Nc6 7. Bd2 Na5 8. Bb5+
c6 9. Ba4 b5 10. Bb3 a6 11. Ne2 Nb7 12. c3 a5 13. a3 Nc5 14. Bc2 Ba6 15. Be3
Ncd7 16. Ng3 d5 17. d4 Qc7 18. dxe5 Nxe5 19. Nxe5 Qxe5 20. exd5 Nxd5 21. Qd2
Rd8 22. O-O O-O 23. Rfe1 Nxe3 24. Qxe3 Qxe3 25. Rxe3 Bc5 26. Re5 Bb6 27. Rae1
b4 28. axb4 axb4 29. Kh2 bxc3 30. bxc3 Rd2 31. Bb1 Bxf2 32. R1e4 Rb2 33. Rf4
Bxg3+ 34. Kxg3 Rxb1 35. c4 Rd8 36. c5 Rb3+ 37. Kh2 Kf8 38. Ra4 Bb5 39. Ra7 Bc4
40. Rf5 Rb2 41. Re5 Bd5 42. Kg1 Bxg2 43. h4 Bh3 44. Re1 Kg8 45. Rae7 Rdd2 46.
R7e3 Rg2+ 47. Kh1 Rh2+ 48. Kg1 Rbg2+ 49. Kf1 Rh1# 0-1

[Event "17ème Open International de La Réunion"]
[Site "Saint Denis"]
[Date "2015.10.10"]
[Round "8.30"]
[White "Boyer, Mathis"]
[Black "Sandjivy, Vivien"]
[Result "0-1"]
[WhiteElo "1210"]
[BlackElo "1318"]
[PlyCount "94"]
[EventDate "2015.??.??"]

1. e4 e5 2. Nf3 Nc6 3. Bc4 Bc5 4. d3 Nf6 5. Nc3 Ng4 6. O-O Nd4 7. Ng5 d5 8.
Bxd5 O-O 9. h3 Nf6 10. f4 Ne2+ 11. Kh2 Nxf4 12. Bxf4 exf4 13. d4 Bd6 14. e5
Nxd5 15. exd6 Ne3 16. Qh5 Nxf1+ 17. Rxf1 h6 18. dxc7 Qxg5 19. Qxg5 hxg5 20. Ne4
Be6 21. Rf3 Bd5 22. Nd6 Bxf3 23. gxf3 Rfc8 24. Nxc8 Rxc8 25. Kg2 Rxc7 26. c3 a5
27. Kf2 b5 28. Ke2 Re7+ 29. Kd2 Re3 30. d5 Kf8 31. Kc2 Rxf3 32. Kb3 Rd3 33. d6
Rxd6 34. c4 bxc4+ 35. Kxc4 f3 36. Kc5 Rd2 37. b4 axb4 38. Kxb4 Rxa2 39. Kb3 Rd2
40. Kc3 Rd8 41. Kc2 f2 42. Kc3 f1=R 43. Kc2 Rf6 44. Kc3 Rc6+ 45. Kb4 Rb8+ 46.
Ka5 Rc1 47. Ka4 Ra1# 0-1

[Event "17ème Open International de La Réunion"]
[Site "Saint Denis"]
[Date "2015.10.10"]
[Round "8.31"]
[White "Collet, Marine Celine Theres"]
[Black "Leccia, Thomas"]
[Result "0-1"]
[WhiteElo "1450"]
[BlackElo "1162"]
[PlyCount "52"]
[EventDate "2015.??.??"]

1. e4 e5 2. Nf3 Nc6 3. d4 exd4 4. Nxd4 Nf6 5. Nc3 Bb4 6. Bd3 Nxd4 7. Bg5 h6 8.
Bh4 g5 9. Bg3 d6 10. O-O Be6 11. e5 dxe5 12. Bxe5 Nc6 13. Bb5 Qxd1 14. Bxc6+
bxc6 15. Rfxd1 Be7 16. Bxc7 O-O 17. Rd3 Rfc8 18. Be5 Rab8 19. Bxb8 Rxb8 20.
Rad1 Rxb2 21. Na4 Rxa2 22. Nc3 Rxc2 23. Rb1 Bf5 24. Rb8+ Kg7 25. Rf3 Rc1+ 26.
Nd1 Rxd1# 0-1

[Event "17ème Open International de La Réunion"]
[Site "Saint Denis"]
[Date "2015.10.10"]
[Round "8.32"]
[White "Hubert, Nathan"]
[Black "Ringayen, Francinel"]
[Result "0-1"]
[WhiteElo "1020"]
[BlackElo "1320"]
[PlyCount "42"]
[EventDate "2015.??.??"]

1. d4 d5 2. c4 dxc4 3. a4 Nf6 4. Nc3 Nc6 5. Nf3 Bg4 6. h3 Bxf3 7. exf3 Qxd4 8.
Qc2 Nb4 9. Qf5 Qd7 10. Qb5 Qxb5 11. Nxb5 O-O-O 12. Nxa7+ Kb8 13. Nb5 Nc2+ 14.
Ke2 Nxa1 15. Bf4 Nd5 16. Be3 Nxe3 17. Kxe3 Nc2+ 18. Ke2 Nd4+ 19. Nxd4 Rxd4 20.
Ke3 e5 21. g3 Bc5 0-1

[Event "17ème Open International de La Réunion"]
[Site "Saint Denis"]
[Date "2015.10.10"]
[Round "8.33"]
[White "Laoussing, Mathis"]
[Black "Dazin, Nathan"]
[Result "1-0"]
[WhiteElo "1270"]
[BlackElo "1199"]
[PlyCount "35"]
[EventDate "2015.??.??"]

1. e4 e5 2. Nf3 Nc6 3. Bc4 Bc5 4. d3 h6 5. Nc3 Nf6 6. Be3 Bb6 7. Qd2 d6 8. h3
O-O 9. O-O-O Be6 10. Nd5 Bxd5 11. Bxd5 Nxd5 12. exd5 Nd4 13. Bxh6 gxh6 14. Qxh6
Nxf3 15. gxf3 Bxf2 16. Rhg1+ Bxg1 17. Rxg1+ Qg5+ 18. Rxg5# 1-0

[Event "17ème Open International de La Réunion"]
[Site "Saint Denis"]
[Date "2015.10.10"]
[Round "8.34"]
[White "Poudroux, Mathilde"]
[Black "Evrin, Selvam"]
[Result "0-1"]
[WhiteElo "1161"]
[BlackElo "1220"]
[PlyCount "92"]
[EventDate "2015.??.??"]

1. e4 d5 2. Nc3 d4 3. Nce2 c5 4. d3 b6 5. b3 Bb7 6. Nf3 Nf6 7. Ng3 Nbd7 8. Be2
e6 9. O-O Bd6 10. Bf4 Bxf4 11. c4 O-O 12. a3 Qc7 13. b4 Ne5 14. b5 Neg4 15. a4
a6 16. h3 Bxg3 17. hxg4 Nxg4 18. e5 Bxe5 19. Nxe5 Nxe5 20. Bf3 Nxf3+ 21. gxf3
Qf4 22. Kg2 g5 23. Rg1 g4 24. Kf1 Bxf3 25. Qc2 a5 26. Ke1 h5 27. Qd2 Qe5+ 28.
Kf1 h4 29. Re1 Qh8 30. Qf4 h3 31. Rxg4+ Bxg4 32. Qxg4+ Qg7 33. Qxh3 e5 34. f3
Rae8 35. Qd7 f5 36. f4 Qxd7 37. fxe5 f4 38. Ke2 Rxe5+ 39. Kd2 Rxe1 40. Kxe1 f3
41. Kd2 f2 42. Kc2 f1=Q 43. Kb3 Qb1+ 44. Ka3 Qb4+ 45. Ka2 Rf2+ 46. Ka1 Qb2# 0-1

[Event "17ème Open International de La Réunion"]
[Site "Saint Denis"]
[Date "2015.10.10"]
[Round "8.35"]
[White "Alex-Geerjanan, Nils"]
[Black "Cazal, Julian"]
[Result "0-1"]
[WhiteElo "1120"]
[BlackElo "1070"]
[PlyCount "66"]
[EventDate "2015.??.??"]

1. e4 e5 2. Nf3 Nc6 3. Bc4 h6 4. Nc3 Bc5 5. d3 d6 6. Be3 Bxe3 7. fxe3 Nf6 8.
O-O Bg4 9. Qd2 O-O 10. h3 Bd7 11. Qf2 Na5 12. b3 b5 13. Bxb5 Bxb5 14. Nxb5 Rb8
15. Nxa7 Rb7 16. Nc6 Nxc6 17. Qd2 d5 18. Qc3 Rb6 19. a4 dxe4 20. dxe4 Nxe4 21.
Qc4 Ng3 22. a5 Rb4 23. Qxc6 Ne2+ 24. Kh2 Re8 25. Rfe1 Re6 26. Qc5 Ng3 27. Qxb4
e4 28. Nd4 Rg6 29. Nc6 Qf6 30. Rad1 Qg5 31. Rd8+ Kh7 32. a6 Nf1+ 33. Rxf1 Qxg2#
0-1

[Event "17ème Open International de La Réunion"]
[Site "Saint Denis"]
[Date "2015.10.10"]
[Round "8.36"]
[White "Larmet, Nino"]
[Black "Boyer, Frederick"]
[Result "1-0"]
[WhiteElo "1000"]
[BlackElo "1200"]
[PlyCount "53"]
[EventDate "2015.??.??"]

1. e4 e5 2. Nf3 d6 3. Bc4 Qe7 4. O-O Be6 5. Qe2 c6 6. Nc3 a6 7. Bb3 b5 8. a4 b4
9. Nd1 Bxb3 10. cxb3 Qd8 11. d3 Be7 12. Bd2 c5 13. Ne3 Nh6 14. Nd5 Ng4 15. h3
Nf6 16. Nxe7 Qxe7 17. Bg5 O-O 18. Nd2 Qe6 19. f4 Nc6 20. Nc4 Nd4 21. Qd1 a5 22.
f5 Qe7 23. Nb6 Rad8 24. Nd5 Qb7 25. Bxf6 g6 26. Qd2 Nxb3 27. Qh6 1-0

[Event "17ème Open International de La Réunion"]
[Site "Saint Denis"]
[Date "2015.10.10"]
[Round "9.1"]
[White "Sharma, Dinesh K"]
[Black "Riviere, Etienne"]
[Result "1-0"]
[WhiteElo "2356"]
[BlackElo "1846"]
[PlyCount "59"]
[EventDate "2015.??.??"]

1. e4 c5 2. Nf3 d6 3. d4 cxd4 4. Nxd4 Nf6 5. Nc3 Nc6 6. Bg5 e6 7. Qd2 a6 8.
O-O-O Qc7 9. f3 Be7 10. h4 b5 11. Nxc6 Qxc6 12. Bd3 b4 13. Ne2 a5 14. e5 Nd5
15. Bxe7 Nxe7 16. exd6 Nd5 17. Be4 Qxd6 18. Nf4 Bb7 19. Nxd5 Bxd5 20. Bxd5 Qxd5
21. Qxd5 exd5 22. Rhe1+ Kd7 23. Rxd5+ Kc6 24. Ree5 a4 25. Rd4 Rhb8 26. Ree4 b3
27. cxb3 axb3 28. a3 Ra7 29. Rb4 Rab7 30. Kd2 1-0

[Event "17ème Open International de La Réunion"]
[Site "Saint Denis"]
[Date "2015.10.10"]
[Round "9.2"]
[White "Harshal, Shahi"]
[Black "Lorans, Sylvain"]
[Result "1-0"]
[WhiteElo "2079"]
[BlackElo "2188"]
[PlyCount "55"]
[EventDate "2015.??.??"]

1. e4 d5 2. exd5 Qxd5 3. Nc3 Qd6 4. d4 Nf6 5. Nf3 a6 6. g3 Bg4 7. Bg2 Nc6 8.
O-O O-O-O 9. d5 Nb4 10. h3 Bh5 11. Bf4 Qc5 12. Be3 Qa5 13. g4 Bg6 14. Nd4 Nbxd5
15. Nb3 Qb4 16. Nxd5 Nxd5 17. Bxd5 e6 18. c3 Qb5 19. c4 Qe8 20. Bxb7+ Kxb7 21.
Qf3+ c6 22. Na5+ Kc7 23. Bf4+ Bd6 24. Qb3 Rb8 25. Bxd6+ Kxd6 26. Qe3 f5 27. Qa7
Ke5 28. f4+ 1-0

[Event "17ème Open International de La Réunion"]
[Site "Saint Denis"]
[Date "2015.10.10"]
[Round "9.3"]
[White "Horny, Guenter"]
[Black "Ralison, Milanto Harifidy"]
[Result "0-1"]
[WhiteElo "1878"]
[BlackElo "2046"]
[PlyCount "50"]
[EventDate "2015.??.??"]

1. d4 Nf6 2. c4 c5 3. d5 e6 4. Nc3 exd5 5. cxd5 d6 6. e4 g6 7. Bd3 Bg7 8. Nge2
O-O 9. O-O Na6 10. h3 Re8 11. Bg5 Bd7 12. Kh1 Qc8 13. Ng3 c4 14. Bc2 b5 15. a4
b4 16. Nb5 Bxb5 17. axb5 Nc5 18. Ba4 Nfxe4 19. Nxe4 Rxe4 20. b6 axb6 21. Bc6
Ra5 22. f3 Rxa1 23. Qxa1 Re2 24. Qd1 Rxb2 25. Re1 Nd3 0-1

[Event "17ème Open International de La Réunion"]
[Site "Saint Denis"]
[Date "2015.10.10"]
[Round "9.4"]
[White "Gretry, Patrice"]
[Black "Mezouaghi, Miloud"]
[Result "1/2-1/2"]
[WhiteElo "1997"]
[BlackElo "2074"]
[PlyCount "126"]
[EventDate "2015.??.??"]

1. e4 g6 2. d4 Bg7 3. Nf3 c6 4. Nc3 d5 5. e5 f6 6. exf6 exf6 7. Bd3 Ne7 8. O-O
O-O 9. Re1 Bf5 10. Ne2 Bxd3 11. Qxd3 Na6 12. Bd2 Re8 13. Nf4 Nc7 14. Ba5 b6 15.
Bb4 Qd7 16. Bxe7 Rxe7 17. Rxe7 Qxe7 18. Re1 Qd6 19. g3 Re8 20. Rxe8+ Nxe8 21.
Qa6 Qd7 22. Qe2 Kf7 23. Kg2 Bh6 24. Nd3 Qe6 25. Qxe6+ Kxe6 26. Nfe1 a5 27. f4
Bf8 28. Kf3 c5 29. dxc5 bxc5 30. b3 c4 31. Nb2 Ba3 32. Na4 Kd6 33. c3 cxb3 34.
axb3 Nc7 35. Ke3 Bc1+ 36. Kd3 g5 37. fxg5 fxg5 38. h3 h5 39. Nf3 Ne6 40. b4
axb4 41. cxb4 Ba3 42. Nc5 Nxc5+ 43. bxc5+ Bxc5 44. Nxg5 Bf2 45. Ne4+ dxe4+ 46.
Kxe4 Bxg3 47. Kf3 Be1 48. h4 Bxh4 49. Kg2 Ke5 50. Kf3 Be1 51. Kg2 Kf4 52. Kh1
Kf3 53. Kg1 Bf2+ 54. Kh1 Ke2 55. Kg2 Ke1 56. Kh2 Kf1 57. Kh1 Bd4 58. Kh2 Kf2
59. Kh1 h4 60. Kh2 Kf3 61. Kh1 Be5 62. Kg1 h3 63. Kh1 Kf2 1/2-1/2

[Event "17ème Open International de La Réunion"]
[Site "Saint Denis"]
[Date "2015.10.10"]
[Round "9.5"]
[White "Rajaonson, Andriamahenina"]
[Black "Ratsimikatry, Caryl Patrick"]
[Result "1-0"]
[WhiteElo "1840"]
[BlackElo "1836"]
[PlyCount "122"]
[EventDate "2015.??.??"]

1. e4 c6 2. d4 d5 3. Nc3 dxe4 4. Nxe4 Bf5 5. Ng3 Bg6 6. Nf3 Nd7 7. Bd3 Ngf6 8.
O-O e6 9. Re1 Be7 10. Bxg6 hxg6 11. c4 O-O 12. b3 Qc7 13. Bb2 Bb4 14. Re2 Rad8
15. Qc2 Bd6 16. Rae1 Ng4 17. Nf1 Ndf6 18. h3 Nh6 19. c5 Be7 20. Ne5 Nd5 21. g3
Nf5 22. Nd2 Bf6 23. Ndf3 Rfe8 24. g4 Nh4 25. Nxh4 Bxh4 26. Nf3 g5 27. Re5 f6
28. Nxh4 fxe5 29. Nf3 Qe7 30. Rxe5 Nf4 31. Nxg5 g6 32. Qe4 Qf6 33. Bc1 Nd5 34.
Nxe6 Rd7 35. Bg5 Qf7 36. f4 Nc3 37. Qe1 Nxa2 38. h4 Nc1 39. Qe3 Nd3 40. Re4 Nb4
41. h5 Nd5 42. Qe1 Nf6 43. Bxf6 Qxf6 44. hxg6 Qxg6 45. f5 Qh6 46. g5 Qh3 47.
Nf4 Qg4+ 48. Kf2 Qh4+ 49. Kf1 Qxe1+ 50. Rxe1 Rxe1+ 51. Kxe1 Rxd4 52. Ne6 Rb4
53. g6 Rxb3 54. Kf2 Rb2+ 55. Kf3 Rb1 56. Kf4 Re1 57. Kg5 a5 58. Kf6 a4 59. Ke7
Rf1 60. f6 Rxf6 61. Kxf6 a3 1-0

[Event "17ème Open International de La Réunion"]
[Site "Saint Denis"]
[Date "2015.10.10"]
[Round "9.6"]
[White "Desire, Michael"]
[Black "Schneider, Wolfram"]
[Result "1-0"]
[WhiteElo "1783"]
[BlackElo "1988"]
[PlyCount "56"]
[EventDate "2015.??.??"]

1. c4 Nf6 2. d3 g6 3. Nf3 d5 4. cxd5 Nxd5 5. a3 Bg7 6. e3 O-O 7. Be2 b6 8. Nbd2
c5 9. Qc2 Bb7 10. O-O Nc6 11. Rb1 Rc8 12. b3 Nc3 13. Nc4 Nxb1 14. Qxb1 Qd5 15.
Rd1 Rfd8 16. Ncd2 h6 17. Bb2 Bxb2 18. Qxb2 Ba6 19. Ne4 Na5 20. b4 cxb4 21. axb4
Qb3 22. Qe5 Nc6 23. Qf4 Bxd3 24. Bxd3 Qxd1+ 25. Bf1 Qd5 26. Qxh6 Qxe4 27. Ng5
Qe5 28. Qh7+ Kf8 1-0

[Event "17ème Open International de La Réunion"]
[Site "Saint Denis"]
[Date "2015.10.10"]
[Round "9.7"]
[White "Payet, Jean-Claude"]
[Black "Gaudissard, Dominique"]
[Result "0-1"]
[WhiteElo "1872"]
[BlackElo "1723"]
[PlyCount "58"]
[EventDate "2015.??.??"]

1. e4 e5 2. Nf3 Nc6 3. d4 exd4 4. Nxd4 Qf6 5. Be3 Bc5 6. c3 Nge7 7. g3 d6 8.
Bg2 O-O 9. O-O Re8 10. a4 Bd7 11. Na3 a6 12. Nac2 Ne5 13. f3 N7c6 14. b3 Ba7
15. Kh1 Na5 16. Rb1 c5 17. Ne2 c4 18. b4 Nb3 19. a5 Bxe3 20. Nxe3 Rac8 21. Nxc4
Nxc4 22. Qxb3 Nd2 23. Qb2 Nxf1 24. Rxf1 Bb5 25. Nd4 Bxf1 26. Bxf1 Rxe4 27. Qd2
Rce8 28. Bxa6 bxa6 29. fxe4 Qf1# 0-1

[Event "17ème Open International de La Réunion"]
[Site "Saint Denis"]
[Date "2015.10.10"]
[Round "9.8"]
[White "Frelicot, Eric"]
[Black "Folio, Cedric"]
[Result "1-0"]
[WhiteElo "1787"]
[BlackElo "1667"]
[PlyCount "70"]
[EventDate "2015.??.??"]

1. c4 Nf6 2. Nc3 c5 3. g3 e6 4. Bg2 d5 5. cxd5 exd5 6. d4 Be6 7. Nf3 h6 8. O-O
Nbd7 9. Bf4 a6 10. dxc5 Bxc5 11. Nd4 Bg4 12. h3 Bh5 13. Nb3 g5 14. Nxc5 Nxc5
15. Be3 Nce4 16. Bd4 Nxc3 17. Bxc3 O-O 18. Qd4 Bxe2 19. Rfe1 Bb5 20. Qxf6 Qxf6
21. Bxf6 Bc6 22. Rad1 Rfe8 23. Rxe8+ Rxe8 24. Bxd5 Bxd5 25. Rxd5 Re6 26. Bc3
Kh7 27. Rd7 b5 28. Rxf7+ Kg6 29. Rg7+ Kf5 30. Kg2 h5 31. Kf3 Rd6 32. g4+ hxg4+
33. hxg4+ Ke6 34. Rg6+ Kd7 35. Rxd6+ Kxd6 1-0

[Event "17ème Open International de La Réunion"]
[Site "Saint Denis"]
[Date "2015.10.10"]
[Round "9.9"]
[White "Vitry, Patrick"]
[Black "Sawmynaden, Vicken"]
[Result "0-1"]
[WhiteElo "1712"]
[BlackElo "1600"]
[PlyCount "66"]
[EventDate "2015.??.??"]

1. e4 e5 2. Nf3 Nc6 3. d4 Nxd4 4. Nxd4 exd4 5. Qxd4 d6 6. Nc3 Be6 7. Be3 Nf6 8.
Bc4 Bxc4 9. Qxc4 Be7 10. Qb5+ Nd7 11. O-O-O O-O 12. f4 b6 13. h4 a6 14. Qf5 Qc8
15. Nd5 Bf6 16. e5 dxe5 17. fxe5 Nxe5 18. Qxf6 gxf6 19. Ne7+ Kg7 20. Nxc8 Raxc8
21. Rhf1 Ng4 22. Bd4 c5 23. Bc3 Rc6 24. h5 Ne3 25. Rxf6 Rxf6 26. Rd6 Ng4 27.
Rxb6 Rd8 28. Rxa6 Re8 29. Ra4 Ne5 30. b3 Rf5 31. g4 Rg5 32. Rc4 f6 33. Rxc5
Nd3+ 0-1